000 00668nam a2200241Ia 4500
003 OSt
005 20221007073059.0
006 a|||||r|||| 00| 0
007 ta
008 221006b |||||||| |||| 00| 0 eng d
024 _a9,982
037 _cReference Collections
040 _aFLL
_cFLL
_beng
041 _2eng
_aeng
082 _aZ73:9298y7, K5
100 _aDavis Keneth Culp Au.
_9691872
245 0 _aAdministrative law
250 _a3rd
260 _aLondon
_bWest publishing company London
_c1965
300 _a609p
_ccm.
942 _hZ73:9298y7, K5
_cREF
_2CC
999 _c1147641
_d1147641